El fin de la modernidad: nihilismo y hermenéutica en la cultura posmoderna

Uloženo v:
Podrobná bibliografie
Hlavní autor: Vattimo, Gianni (Autor)
Médium: Kniha
Jazyk:španělština
Vydáno: Barcelona Gedisa 1990
Vydání:3a. ed
Témata:
Tagy: Přidat tag
Žádné tagy, Buďte první, kdo vytvoří štítek k tomuto záznamu!

MARC

LEADER 00000nam a2200000 a 4500
001 UCX6502
003 CL-VaPUC
008 930707e19900000SP |||||||||||||||||spa|d
082 0 4 |a 149.8  |b VAT  |2 21 
100 0 |a Vattimo, Gianni  |e author  |9 323000 
245 1 3 |a El fin de la modernidad: nihilismo y hermenéutica en la cultura posmoderna 
250 |a 3a. ed 
300 |a 160 p 
942 |c BK 
945 |d 19930707 00:00:00 
260 |a Barcelona  |b Gedisa  |c 1990 
650 0 |a Nihilismo (Filosofía)  |9 323001 
650 0 |a Hermenéutica  |9 269473 
583 |a last modification  |c 19930707 00:00:00  |k Rodrigo Vera 
999 |c 226508  |d 226506 
952 |0 0  |1 0  |4 0  |6 149_800000000000000_VAT_1990  |7 0  |8 A  |9 224930  |a FDOPOS  |b FDOPOS  |d 2019-11-15  |i 2936542  |o 149.8 VAT 1990  |p 2936542  |r 2025-01-22  |w 2019-11-15  |y BK  |k MLH 
952 |0 0  |1 0  |2 ddc  |4 0  |6 149_800000000000000_VAT_1990  |7 0  |8 A  |9 599811  |a BIBTEO  |b BIBTEO  |c GEN  |d 2025-01-23  |i 5607639  |o 149.8 VAT 1990  |p 5607639  |r 2025-01-23  |t 2  |w 2025-01-23  |y BK  |k ICR